Movies Quiz

Random Movies or Clickable Quiz

'Star Wars: Episode VII' Start to Finish Quiz Stats

 Plays Quiz Updated Dec 15, 2017

Score 0/10 Timer 04:00
4 Plays Today
% Correct
???
100%
???
92.4%
???
86.1%
???
79.9%
???
70%
???
60.1%
???
51.4%
???
47.4%
???
47.3%
???
47.3%

You're not logged in!

Compare scores with friends on all Sporcle quizzes.
OR
Log In

You Might Also Like...

Show Comments

Extras

Top Quizzes Today


Score Distribution

Your Account Isn't Verified!

In order to create a playlist on Sporcle, you need to verify the email address you used during registration. Go to your Sporcle Settings to finish the process.

Report this User

Report this user for behavior that violates our Community Guidelines.

Details: